000 00634cam a22002293a 4500
001 10533
003 PGUSA
005 20140828083225.0
008 031201s2003||||xxu|||||s|||||000 | eng d
040 _aPGUSA
_beng
042 _adc
050 4 _aD
100 1 _aLord, John,
_d1810-1894
245 1 0 _aBeacon Lights of History, Volume 07 :
_bGreat Women
_h[electronic resource] /
_cJohn Lord
260 _bProject Gutenberg,
_c2003
506 _aPublic domain in the USA.
516 _aElectronic text
653 _aHistory
830 0 _aProject Gutenberg
_v10533
856 4 0 _uhttp://www.gutenberg.org/ebooks/10533
942 _cEB
999 _c239788
_d239788